Statistics for Top WRs for every NFL team

Click here to take the quiz!

General Stats

  • This quiz has been taken 48 times
  • The average score is 13 of 32

Answer Stats

TeamWR% Correct
EaglesAJ Brown
88%
LionsAmon-Ra St. Brown
85%
RaidersDavante Adams
85%
VikingsJustin Jefferson
83%
BillsStefon Diggs
80%
DolphinsTyreek Hill
80%
BuccaneersMike Evans
75%
49ersDeebo Samuel
70%
BengalsJa'Marr Chase
70%
BrownsAmari Cooper
55%
PanthersDJ Moore
53%
ChiefsJuJu Smith-Schuster
53%
ChargersKeenan Allen
50%
SeahawksDK Metcalf
48%
CardinalsDeAndre Hopkins
45%
BroncosJerry Jeudy
45%
SaintsMichael Thomas
40%
JetsGarrett Wilson
35%
TexansBrandin Cooks
30%
GiantsKenny Golladay
28%
RedskinsTerry McLaurin
10%
CowboysTY Hilton
10%
PackersChristian Watson
8%
RavensDeSean Jackson
8%
ColtsMichael Pittman
5%
BearsChase Claypool
3%
JaguarsChristian Kirk
3%
FalconsDrake London
3%
SteelersGeorge Pickens
3%
TitansTreylon Burks
3%
PatriotsTyquan Thornton
3%
RamsVan Jefferson
3%

Score Distribution

Percentile by Number Answered

Percent of People with Each Score

Your Score History

You have not taken this quiz